Géopolitique du sionisme : Stratégies d’Israël (notice n° 1502774)

détails MARC
000 -LEADER
fixed length control field 01443cam a2200133 4500500
005 - DATE AND TIME OF LATEST TRANSACTION
control field 20250921000652.0
041 ## - LANGUAGE CODE
Language code of text/sound track or separate title fre
042 ## - AUTHENTICATION CODE
Authentication code dc
100 10 - MAIN ENTRY--PERSONAL NAME
Personal name Encel, Frédéric
Relator term author
245 00 - TITLE STATEMENT
Title Géopolitique du sionisme : Stratégies d’Israël
260 ## - PUBLICATION, DISTRIBUTION, ETC.
Name of publisher, distributor, etc. Armand Colin,<br/>
Date of publication, distribution, etc. 2015.<br/>
520 ## - SUMMARY, ETC.
Summary, etc. Comment des intellectuels laïcs dispersés en Europe orientale ont-ils convaincu, dans le second XIXe siècle, des milliers de leurs compatriotes d’aller peupler la terre de leurs ancêtres, désormais lointaine, désolée et occupée par un puissant empire&amp;#8239;?Comment un mouvement politique squelettique, dépourvu de richesses, d’assise territoriale et d’alliances étatiques a-t-il bâti une diplomatie efficace, des institutions démocratiques, des infrastructures performantes puis un État souverain viable en un demi-siècle à peine&amp;#8239;?Comment Israël, État-nation du peuple juif et fruit du sionisme, a-t-il élaboré ses stratégies de survie et de consolidation dans un Proche- Orient instable et hostile&amp;#8239;?La nouvelle édition augmentée de cet ouvrage traite en outre des grandes récentes évolutions: guerres avec le Hamas, printemps arabe, reconnaissance de l’État palestinien par les Nations unies, succès électoraux de Netanyahou, rapports difficiles avec Obama, etc.
856 41 - ELECTRONIC LOCATION AND ACCESS
Uniform Resource Identifier <a href="https://shs.cairn.info/geopolitique-du-sionisme--9782200603632?lang=fr&redirect-ssocas=7080">https://shs.cairn.info/geopolitique-du-sionisme--9782200603632?lang=fr&redirect-ssocas=7080</a>

Pas d'exemplaire disponible.

PLUDOC

PLUDOC est la plateforme unique et centralisée de gestion des bibliothèques physiques et numériques de Guinée administré par le CEDUST. Elle est la plus grande base de données de ressources documentaires pour les Étudiants, Enseignants chercheurs et Chercheurs de Guinée.

Adresse

627 919 101/664 919 101

25 boulevard du commerce
Kaloum, Conakry, Guinée

Réseaux sociaux

Powered by Netsen Group @ 2025